Rozdiely a využitie kmeňových verzus dočasne zamestnaných pracovníkov diplomová práca

Uložené v:
Podrobná bibliografia
Hlavný autor: Všetečka, Michal
Korporativný autor: Fakulta podnikového manažmentu EU. Katedra manažmentu
Ďalší autori: Nachtmannová, Oľga, 1963-
Médium: Kniha
Jazyk:Slovak
Vydavateľské údaje: Bratislava 2013
Tagy: Pridať tag
Žiadne tagy, Buďte prvý, kto otaguje tento záznam!

MARC

LEADER 00000nbm a2200000 4500
001 0170871
005 20161109102415.5
041 0 |a slo 
044 |a SK 
245 1 0 |a Rozdiely a využitie kmeňových verzus dočasne zamestnaných pracovníkov  |b diplomová práca  |c Michal Všetečka ; školiteľ: Oľga Nachtmannová 
264 1 |a Bratislava  |c 2013 
300 |a 71 s. 
100 1 |a Všetečka, Michal 
700 1 |a Nachtmannová, Oľga, 1963- 
710 2 |a Fakulta podnikového manažmentu EU. Katedra manažmentu